| 000 | 00639cam a2200181 a 4500 | ||
|---|---|---|---|
| 020 | _a8170363667 (India) : | ||
| 020 | _a080399138X (U.S.) | ||
| 040 | _cDLC | ||
| 082 | 0 | 0 | _a954 SAG 1993 A100 Or. |
| 245 | 0 | 0 | _aPerceiving India, insight and inquiry / |
| 260 |
_aNew Delhi ; _aNewbury Park, Calif. : _bSage Publications and India International Centre, _c1993. |
||
| 300 |
_a277 p. : _bill. ; _c25 cm. |
||
| 520 | _aContributed research papers. | ||
| 700 | 1 | _aSen, Geeti. | |
| 856 | 4 | 2 | _uhttp://www.loc.gov/catdir/enhancements/fy0657/93908013-d.html |
| 856 | 4 | 1 | _uhttp://www.loc.gov/catdir/enhancements/fy0657/93908013-t.html |
| 942 | _cEK | ||
| 999 |
_c12389 _d12389 |
||